Language and the making of modern India : (Record no. 1308950)

MARC details
000 -LEADER
fixed length control field 01745nam a22002297a 4500
005 - DATE AND TIME OF LATEST TRANSACTION
control field 20250530150409.0
008 - FIXED-LENGTH DATA ELEMENTS--GENERAL INFORMATION
fixed length control field 250414b |||||||| |||| 00| 0 eng d
020 ## - INTERNATIONAL STANDARD BOOK NUMBER
International Standard Book Number 9781108443319
040 ## - CATALOGING SOURCE
Transcribing agency SDCL
041 ## - LANGUAGE CODE
Source of code eng
Language code of text/sound track or separate title eng
084 ## - COLON CLASSIFICATION NUMBER
Classification number V271'N R0
100 ## - MAIN ENTRY--PERSONAL NAME
Personal name Mishra, Pritipuspa
9 (RLIN) 752249
245 ## - TITLE STATEMENT
Title Language and the making of modern India :
Remainder of title Nationalism and the vernacular in colonial Odisha, 1803-1956
260 ## - PUBLICATION, DISTRIBUTION, ETC.
Place of publication, distribution, etc. New Delhi :
Name of publisher, distributor, etc. Cambridge University Press,
Date of publication, distribution, etc. 2020.
300 ## - PHYSICAL DESCRIPTION
Extent x, 247p.
520 ## - SUMMARY, ETC.
Summary, etc. Through an examination of the creation of the first linguistically organized province in India, Odisha, Pritipuspa Mishra explores the ways regional languages came to serve as the most acceptable registers of difference in post-colonial India. She argues that rather than disrupting the rise and spread of All-India nationalism, regional linguistic nationalism enabled and deepened the reach of nationalism in provincial India. Yet this positive narrative of the resolution of Indian multilingualism ignores the cost of linguistic division. Examining the case of the Adivasis of Odisha, Mishra shows how regional languages in India have come to occupy a curiously hegemonic position. Her study pushes us to rethink our understanding of the vernacular in India as a powerless medium and acknowledges the institutional power of language, contributing to global debates about linguistic justice and the governance of multilingualism. This title is also available as Open Access.
650 ## - SUBJECT ADDED ENTRY--TOPICAL TERM
Topical term or geographic name entry element Language policy -- Political aspects -- India -- Odisha
9 (RLIN) 811228
650 ## - SUBJECT ADDED ENTRY--TOPICAL TERM
Topical term or geographic name entry element Odisha (India) -- Languages -- Political aspects
9 (RLIN) 811229
650 ## - SUBJECT ADDED ENTRY--TOPICAL TERM
Topical term or geographic name entry element History / Asia / General
9 (RLIN) 784144
942 ## - ADDED ENTRY ELEMENTS (KOHA)
Source of classification or shelving scheme Colon Classification (CC)
Koha item type Textual
Suppress in OPAC No
Holdings
Withdrawn status Lost status Source of classification or shelving scheme Damaged status Not for loan Home library Current library Date acquired Source of acquisition Inventory number Total Checkouts Full call number Barcode Date last seen Price effective from Koha item type
    Colon Classification (CC)     South Campus Library South Campus Library 2025-04-14 Classic Book Service 171, 11/12/2024, INR 1695.00   V271'N R0 SC1690740 2025-04-14 2025-04-14 Textual
Copyright @ Delhi University Library System